| 000 | 02183nam a2200349Ia 4500 | ||
|---|---|---|---|
| 999 |
_c54986 _d54986 |
||
| 001 | 22057 | ||
| 003 | GE_BSU | ||
| 005 | 20220930121208.0 | ||
| 008 | 181216s ||||ge |||||||||||||| ||geo|| | ||
| 020 | _a978-9941-18-076-7 | ||
| 040 | _cGE_BSU | ||
| 041 | _ageo | ||
| 080 | _a81'255=14'04:2-21ო-39 | ||
| 100 |
_aოთხმეზური, თამარ _914919 |
||
| 245 |
_aკომენტარული ჟანრი შუა საუკუნეების ქართულ მთარგმნელობით ტრადიციაში : _b ეფრემ მცირე და გრიგოლ ღვთისმეტყველის თხზულებათა კომენტარები / _cთამარ ოთხმეზური ; რედაქტორი ანა ხარანაული. |
||
| 264 |
_aთბილისი : _bილიას სახელმწ. უნ-ტის გამ-ბა, _c2011. |
||
| 300 |
_a318 გვ. ; _c 24 სმ. |
||
| 501 | _aსაკუთარ სახელთა საძიებელი გვ. : 311-317 | ||
| 504 | _aბიბლიოგრაფია ტექსტების შენიშვნებში და გვ. : 289-310 | ||
| 541 | _h6ლ.90თ. | ||
| 546 | _aრეზიუმე ინგლისურ ენაზე | ||
| 653 | _aეფრემ მცირე | ||
| 653 | _aგრიგოლ ღვთისმეტყველი | ||
| 653 | _aთარგმანი ბიზანტიური ენიდან | ||
| 653 | _aკომენტარული ჟანრი შუა საუკუნეების ქართულ მთარგმნელობით ტრადიციაში | ||
| 653 | _aლიტურგიული ტექსტების კომენტარები | ||
| 653 | _aქართული ხელნაწერები | ||
| 653 | _aრელიგია | ||
| 653 | _aქართული ლიტერატურა | ||
| 700 |
_aხარანაული, ანა _eრედაქტორი _914920 |
||
| 942 |
_cBK _2udc |
||